000 00246nam a2200097Ia 4500
001 1250427
005 20251031150856.0
008 251031s9999 xx 000 0 und d
245 0 _cJOSE SARAMAGO
_aG-1 DEFTERLER
260 _bKIRMIZI KEDİ YAYINLARI
999 _c1250427
_d1250427